[Event "Novi Sad TS GM/IM Mix 189th"]
[Site "Novi Sad"]
[Date "2024.03.03"]
[Round "6"]
[White "Tulchynskyi, Feliks"]
[Black "Katsanis, Vasileios Dimitrios"]
[Result "1/2-1/2"]
[WhiteElo "2288"]
[BlackElo "2100"]
[PlyCount "74"]
[EventDate "2024.02.29"]
[EventType "swiss"]
[EventRounds "9"]
[EventCountry "SRB"]
[SourceTitle "CB12_2024"]
[SourceDate "2023.10.01"]
[SourceVersion "1"]
[SourceVersionDate "2023.10.01"]
[SourceQuality "1"]

1. d4 d5 2. c4 e6 3. Nc3 a6 4. cxd5 exd5 5. Bf4 Nf6 6. e3 c5 7. Nge2 Nc6 8. g3 Bg4 9. Bg2 cxd4 10. exd4 Be7 11. 0-0 0-0 12. h3 Be6 13. Be3 Rc8 14. Nf4 Bb4 15. Rc1 Qd6 16. Nd3 Bxc3 17. Rxc3 Ne4 18. Rc1 Nb4 19. Nc5 Nxa2 20. Ra1 Nb4 21. Nxb7 Qd7 22. Nc5 Nxc5 23. dxc5 Rfd8 24. Qd2 Nc6 25. Rxa6 d4 26. Bf4 Bc4 27. Rfa1 Bxa6 28. Rxa6 Ne7 29. b4 Qb5 30. Rb6 Qc4 31. Bd6 Nf5 32. Be5 d3 33. Bb7 Rxc5 34. bxc5 Qxc5 35. Rb3 Qxe5 36. Rxd3 Rxd3 37. Qxd3 g6 1/2-1/2

[Event "Novi Sad TS GM/IM Mix 189th"]
[Site "Novi Sad"]
[Date "2024.03.01"]
[Round "3"]
[White "Katsanis, Vasileios Dimitrios"]
[Black "Drazic, Sinisa"]
[Result "1-0"]
[WhiteElo "2100"]
[BlackElo "2276"]
[PlyCount "82"]
[EventDate "2024.02.29"]
[EventType "swiss"]
[EventRounds "9"]
[EventCountry "SRB"]
[SourceTitle "CB12_2024"]
[SourceDate "2023.10.01"]
[SourceVersion "1"]
[SourceVersionDate "2023.10.01"]
[SourceQuality "1"]

1. d4 d5 2. c4 dxc4 3. Nf3 Nf6 4. e3 Be6 5. Nc3 c6 6. Ng5 Bd5 7. e4 h6 8. exd5 hxg5 9. dxc6 Nxc6 10. d5 Ne5 11. Bxg5 a6 12. Qd4 Qc7 13. Be2 e6 14. Bf4 Bd6 15. dxe6 fxe6 16. Bxe5 Bxe5 17. Qxc4 Qb6 18. Qb3 Qxb3 19. axb3 0-0-0 20. Bf3 g5 21. Ra4 Rh7 22. Rc4+ Kb8 23. Ne4 Nxe4 24. Rxe4 Bxb2 25. 0-0 e5 26. Rg4 Rg7 27. h4 Rdg8 28. hxg5 Rxg5 29. Rxg5 Rxg5 30. g3 a5 31. Kg2 Ka7 32. Rh1 b5 33. Rh8 Bd4 34. Ra8+ Kb6 35. Rb8+ Ka6 36. Bc6 b4 37. Bd5 Bb6 38. Bc4+ Ka7 39. Re8 Bd4 40. Re7+ Kb6 41. Bd5 Rg6 1-0

[Event "Krakow op-A 34th"]
[Site "Krakow"]
[Date "2023.12.31"]
[Round "5"]
[White "Gbiorczyk, Mikolaj1"]
[Black "Katsanis, Vasileios Dimitrios"]
[Result "1/2-1/2"]
[WhiteElo "2137"]
[BlackElo "2133"]
[PlyCount "146"]
[EventDate "2023.12.27"]
[EventType "swiss"]
[EventRounds "9"]
[EventCountry "POL"]
[SourceTitle "CB02_2024"]
[SourceDate "2024.01.10"]
[SourceVersion "1"]
[SourceVersionDate "2024.01.10"]
[SourceQuality "1"]

1. e4 c6 2. Nf3 d5 3. d3 dxe4 4. dxe4 Qxd1+ 5. Kxd1 Bg4 6. Nbd2 Nd7 7. Be2 e6 8. Ne1 Bxe2+ 9. Kxe2 Ngf6 10. Nd3 Bd6 11. f3 h5 12. h4 0-0-0 13. a4 Ne5 14. Nxe5 Bxe5 15. Nc4 Bc7 16. Be3 a6 17. a5 Nd7 18. b3 Ne5 19. Nb6+ Kb8 20. Bf4 Ng6 21. Bxc7+ Kxc7 22. g3 Ne5 23. f4 Ng4 24. Rad1 e5 25. Nc4 exf4 26. gxf4 Rde8 27. Kf3 f6 28. Rd2 Rd8 29. Rhd1 Rxd2 30. Rxd2 Re8 31. Ne3 Nh6 32. Rg2 Re7 33. Rg6 Kd7 34. e5 fxe5 35. fxe5 Nf7 36. Nc4 Nxe5+ 37. Nxe5+ Rxe5 38. Rxg7+ Ke6 39. b4 Rb5 40. c3 Kd5 41. Ke3 Kc4 42. Kd2 Rd5+ 43. Kc2 Rd3 44. Rxb7 Rxc3+ 45. Kd2 Rb3 46. Rb6 Rxb4 47. Rxa6 Kc5 48. Ra8 Ra4 49. Kc3 Kb5 50. a6 Ra3+ 51. Kb2 Ra5 52. Kb3 Kb6 53. Kb4 c5+ 54. Kc3 Ra3+ 55. Kb2 Rxa6 56. Rh8 Kb5 57. Rxh5 Rf6 58. Rg5 Rf2+ 59. Kc3 Rf3+ 60. Kc2 Kb4 61. Rg2 Ra3 62. Kb2 c4 63. Rg8 Rb3+ 64. Kc2 Rc3+ 65. Kb2 Rh3 66. Rb8+ Kc5 67. Kc2 Rh2+ 68. Kc3 Rh3+ 69. Kc2 Rxh4 70. Rg8 Rh2+ 71. Kc3 Rh3+ 72. Kc2 Kb4 73. Rb8+ Kc5 1/2-1/2

[Event "Wch U14"]
[Site "Montesilvano"]
[Date "2023.11.21"]
[Round "8"]
[White "Sheahan, Gavin"]
[Black "Katsanis, Vasileios Dimitrios"]
[Result "0-1"]
[WhiteElo "1807"]
[BlackElo "2173"]
[PlyCount "120"]
[EventDate "2023.11.13"]
[EventType "swiss"]
[EventRounds "11"]
[EventCountry "ITA"]
[SourceTitle "CB48_2023"]
[SourceDate "2023.11.29"]
[SourceVersion "1"]
[SourceVersionDate "2023.11.29"]
[SourceQuality "1"]

1. d4 d5 2. c4 e6 3. Nc3 a6 4. cxd5 exd5 5. Nf3 Nf6 6. Bg5 c6 7. Qc2 Be6 8. e3 Nbd7 9. Bd3 Bd6 10. Bf4 Qc7 11. Bxd6 Qxd6 12. 0-0 0-0 13. Ng5 h6 14. Nxe6 Qxe6 15. Na4 Rfe8 16. b4 Qd6 17. Nc5 Rab8 18. a4 Ng4 19. g3 Nf8 20. Be2 Nf6 21. b5 cxb5 22. axb5 a5 23. Rfc1 Rec8 24. Qf5 Ne6 25. Nd3 Rxc1+ 26. Nxc1 b6 27. Nd3 Rc8 28. Ne5 Rc7 29. Nc6 Nf8 30. Bf3 N8d7 31. Kf1 Kf8 32. h4 g6 33. Qd3 h5 34. Ke2 Kg7 35. Rg1 Rc8 36. Ra1 Nb8 37. Ne5 Qb4 38. Rb1 Qd6 39. Qb3 Nbd7 40. Nc6 Re8 41. Rg1 Ne4 42. Bxe4 Rxe4 43. f3 Re8 44. Kf2 Nf6 45. Qc3 Rc8 46. Qb3 Qe6 47. Kg2 Ne8 48. Re1 Nd6 49. Rc1 Nf5 50. Re1 Qd6 51. f4 Re8 52. Qd3 Qe6 53. Kf2 Nd6 54. Kg2 f6 55. Qe2 Nc4 56. Kf3 a4 57. Nb4 a3 58. Qd3 Qd7 59. Nc2 Qxb5 60. Nxa3 Ne5+ 0-1

[Event "Wch U14"]
[Site "Montesilvano"]
[Date "2023.11.15"]
[Round "3"]
[White "Katsanis, Vasileios Dimitrios"]
[Black "Pham, Tran Gia Phuc"]
[Result "0-1"]
[WhiteElo "2173"]
[BlackElo "2386"]
[PlyCount "90"]
[EventDate "2023.11.13"]
[EventType "swiss"]
[EventRounds "11"]
[EventCountry "ITA"]
[SourceTitle "CB48_2023"]
[SourceDate "2023.11.29"]
[SourceVersion "1"]
[SourceVersionDate "2023.11.29"]
[SourceQuality "1"]

1. d4 Nf6 2. c4 e6 3. Nc3 Bb4 4. Qc2 b6 5. a3 Bxc3+ 6. Qxc3 Bb7 7. Bg5 h6 8. Bh4 g5 9. Bg3 Ne4 10. Qc2 c5 11. e3 Nxg3 12. hxg3 Qf6 13. Qd2 cxd4 14. Qxd4 Qxd4 15. exd4 Nc6 16. Rd1 Rc8 17. b4 a5 18. b5 Ne7 19. Rc1 Nf5 20. Ne2 Nd6 21. Nc3 Nxc4 22. Na4 Bd5 23. Bxc4 Rxc4 24. Rxc4 Bxc4 25. Nxb6 Bxb5 26. Kd2 Ke7 27. Re1 Rb8 28. Nd5+ Kd6 29. Ne3 Ba6 30. Kc2 a4 31. Ng4 Rb3 32. Re3 h5 33. Nf6 Rxe3 34. fxe3 Ke7 35. Ng8+ Kd8 36. Nf6 Bb7 37. e4 Ke7 38. Ng8+ Kf8 39. Nf6 Kg7 40. e5 h4 41. Nxd7 Bxg2 42. Nf6 Bf3 43. gxh4 gxh4 44. Kd2 h3 45. Ke3 h2 0-1

[Event "GRE-chT 50th"]
[Site "Nikaia"]
[Date "2023.08.30"]
[Round "7.9"]
[White "Katsanis, Vasileios Dimitrios"]
[Black "Ampeliotis, Georgios"]
[Result "1/2-1/2"]
[WhiteElo "2112"]
[BlackElo "1559"]
[PlyCount "116"]
[EventDate "2023.08.25"]
[EventType "team"]
[EventRounds "9"]
[EventCountry "GRE"]
[SourceTitle "EXT 2024"]
[Source "ChessBase"]
[SourceDate "2023.10.10"]
[SourceVersion "1"]
[SourceVersionDate "2023.10.10"]
[SourceQuality "1"]
[WhiteTeam "Ames Neas Erythreas"]
[BlackTeam "Irakleiou Attikis"]
[WhiteTeamCountry "GRE"]
[BlackTeamCountry "GRE"]

1. d4 Nf6 2. c4 e6 3. Nc3 Bb4 4. Qc2 c5 5. dxc5 0-0 6. a3 Bxc5 7. Nf3 b6 8. e3 Bb7 9. Be2 a6 10. 0-0 Qc7 11. b4 Be7 12. Bb2 d6 13. Rac1 Nbd7 14. Nd2 Rac8 15. h3 Qb8 16. Qb3 Rfd8 17. Rfd1 Qa8 18. Bf3 Ne5 19. Bxb7 Qxb7 20. Ne2 Ng6 21. Ng3 d5 22. cxd5 Nxd5 23. Nf3 Rxc1 24. Rxc1 Rc8 25. Rxc8+ Qxc8 26. Ne4 h6 27. Qd3 Bf6 28. Nxf6+ Nxf6 29. Bxf6 gxf6 30. a4 Qc1+ 31. Kh2 Qc7+ 32. Kg1 Qc1+ 33. Qf1 Qa3 34. Qxa6 Qxb4 35. Qc8+ Kg7 36. Qd7 Ne5 37. Nxe5 fxe5 38. Kh2 Kg6 39. Qe8 Kg7 40. Kg3 Qd6 41. Qb5 Kg6 42. h4 Kf6 43. Qb2 Kg6 44. Kh3 f5 45. Qb5 Kf7 46. Qb3 Qc6 47. Qd1 Qe4 48. Qd7+ Kf6 49. Qd1 Kg6 50. Qd8 Qg4+ 51. Kh2 Qxa4 52. Qg8+ Kf6 53. Qf8+ Kg6 54. g3 Qd7 55. Qg8+ Kf6 56. Qh8+ Kg6 57. Qxe5 Qd5 58. Qb8 Qf3 1/2-1/2

[Event "Paleochora op 16th"]
[Site "Paleochora"]
[Date "2023.07.25"]
[Round "8"]
[White "Trost, Edvin"]
[Black "Katsanis, Vasileios Dimitrios"]
[Result "1-0"]
[WhiteElo "2437"]
[BlackElo "1956"]
[PlyCount "77"]
[EventDate "2023.07.19"]
[EventType "swiss"]
[EventRounds "9"]
[EventCountry "GRE"]
[SourceTitle "EXT 2024"]
[Source "ChessBase"]
[SourceDate "2023.10.10"]
[SourceVersion "1"]
[SourceVersionDate "2023.10.10"]
[SourceQuality "1"]

1. e4 c6 2. d4 d5 3. e5 Bf5 4. h4 h5 5. Bd3 Bxd3 6. Qxd3 e6 7. Nf3 Nd7 8. 0-0 Be7 9. Bg5 Nh6 10. g3 Nf5 11. Nc3 Nf8 12. Nd1 Nh7 13. Bxe7 Qxe7 14. Ne3 Nh6 15. Ng2 g5 16. b4 Nf5 17. Rab1 b5 18. a4 a6 19. Ra1 Kd7 20. Ra3 g4 21. Nd2 Qxb4 22. Nb3 Qc4 23. Qd2 b4 24. Raa1 a5 25. Ne3 Nxe3 26. fxe3 Ke7 27. Rf4 f5 28. exf6+ Nxf6 29. Qf2 Raf8 30. Rf1 Nd7 31. Nc5 Rxf4 32. Qxf4 Rf8 33. Qg5+ Nf6 34. Rf2 Qc3 35. Kg2 Qe1 36. Nd3 Qd1 37. Ne5 Qe1 38. Ng6+ Ke8 39. Qf4 1-0

[Event "GRE-ch U14"]
[Site "Peristeri"]
[Date "2023.07.07"]
[Round "7"]
[White "Katsanis, Vasileios Dimitrios"]
[Black "Sitsanis, Nikolaos1111"]
[Result "1-0"]
[WhiteElo "1956"]
[BlackElo "1575"]
[PlyCount "111"]
[EventDate "2023.07.03"]
[EventType "swiss"]
[EventRounds "9"]
[EventCountry "GRE"]
[SourceTitle "EXT 2024"]
[Source "ChessBase"]
[SourceDate "2023.10.10"]
[SourceVersion "1"]
[SourceVersionDate "2023.10.10"]
[SourceQuality "1"]

1. d4 Nf6 2. c4 g6 3. Nc3 Bg7 4. e4 d6 5. Nf3 0-0 6. Be2 e5 7. d5 a5 8. Be3 Na6 9. Nd2 Ne8 10. 0-0 f5 11. f3 f4 12. Bf2 g5 13. a3 h5 14. b4 Nf6 15. h3 Bh6 16. c5 Rf7 17. cxd6 cxd6 18. Nc4 Rg7 19. b5 g4 20. hxg4 hxg4 21. fxg4 Nxg4 22. bxa6 Qg5 23. Bf3 Qh5 24. Re1 Qh2+ 25. Kf1 b5 26. Nxb5 Bxa6 27. a4 Rc8 28. Ncxd6 Rc3 29. Bxg4 Qh1+ 30. Bg1 Rg3 31. Ra2 R7xg4 32. Rf2 Rxg2 33. Ke2 Rxg1 34. Ref1 Qh5 35. Kd2 f3+ 36. Kc2 Rxf1 37. Qxf1 Qg5 38. Nf5 Rg1 39. Nxh6+ Kh7 40. Qd3 Qc1+ 41. Kb3 Qc5 42. Qc2 Qb4+ 43. Ka2 Bxb5 44. axb5 Qd4 45. Qc7+ Kxh6 46. Rh2+ Kg5 47. Qg7+ Kf4 48. Rh4+ Rg4 49. Qxg4+ Ke3 50. Qg1+ f2 51. Qc1+ Kf3 52. Qa3+ Ke2 53. Rh2 Qc4+ 54. Qb3 Qxe4 55. Qb2+ Kd1 56. Rh1+ 1-0

[Event "Chalkida Evoiki op 5th"]
[Site "Chalkida"]
[Date "2023.01.06"]
[Round "3"]
[White "Katsanis, Vasileios Dimitrios"]
[Black "Ergazakis, Ioannis"]
[Result "1/2-1/2"]
[WhiteElo "1939"]
[BlackElo "2196"]
[PlyCount "110"]
[EventDate "2023.01.05"]
[EventType "swiss"]
[EventRounds "7"]
[EventCountry "GRE"]
[SourceTitle "CBM 212 Extra"]
[Source "ChessBase"]
[SourceDate "2023.03.31"]
[SourceVersion "1"]
[SourceVersionDate "2023.03.31"]
[SourceQuality "1"]

1. d4 Nf6 2. c4 g6 3. Nc3 Bg7 4. e4 d6 5. Nf3 0-0 6. Be2 e5 7. d5 a5 8. Be3 Na6 9. Nd2 Nd7 10. 0-0 Ndc5 11. f3 f5 12. a3 Bd7 13. b3 f4 14. Bf2 g5 15. Rb1 Qe8 16. b4 axb4 17. axb4 Na4 18. Nxa4 Bxa4 19. Qc1 Bd7 20. c5 Nb8 21. cxd6 cxd6 22. Nc4 Ra2 23. Bd3 Qg6 24. Rb2 Rxb2 25. Qxb2 g4 26. Bb6 gxf3 27. Rxf3 Rc8 28. Na5 Bg4 29. Rf2 Nd7 30. Nc4 Rxc4 31. Bxc4 Nxb6 32. Be2 Bxe2 33. Qxe2 Qe8 34. Qg4 Qd7 35. Qh5 Qc8 36. Qe2 Nc4 37. Qc2 b5 38. Qc3 Qa6 39. h3 Bf6 40. Rf1 Qa7+ 41. Kh1 Qd4 42. Qf3 Ne3 43. Rc1 Qd2 44. Rg1 Kf8 45. Qh5 Bg7 46. Qg5 Qd4 47. Qd8+ Kf7 48. Qd7+ Kg6 49. Qe6+ Bf6 50. Qg8+ Kh6 51. Qf7 Qxe4 52. Qxf6+ Qg6 53. Qh4+ Qh5 54. Qf6+ Qg6 55. Qh4+ Qh5 1/2-1/2

[Event "Chalkida Evoiki op 5th"]
[Site "Chalkida"]
[Date "2023.01.06"]
[Round "2"]
[White "Zouroufidis, Ifikratis"]
[Black "Katsanis, Vasileios Dimitrios"]
[Result "0-1"]
[WhiteElo "1213"]
[BlackElo "1939"]
[PlyCount "94"]
[EventDate "2023.01.05"]
[EventType "swiss"]
[EventRounds "7"]
[EventCountry "GRE"]
[SourceTitle "CBM 212 Extra"]
[Source "ChessBase"]
[SourceDate "2023.03.31"]
[SourceVersion "1"]
[SourceVersionDate "2023.03.31"]
[SourceQuality "1"]

1. d4 d5 2. Bf4 Nf6 3. e3 Bg4 4. Be2 Bxe2 5. Nxe2 e6 6. Nbc3 Bd6 7. 0-0 0-0 8. Nb5 Bxf4 9. Nxf4 Nbd7 10. c3 c5 11. Na3 cxd4 12. cxd4 Ne4 13. Nc2 Rc8 14. f3 Nd6 15. b3 Qa5 16. Rf2 Rc7 17. a3 Rfc8 18. Nb4 Nf6 19. Nfd3 Qb6 20. Rc1 Rxc1 21. Nxc1 a5 22. Nbd3 Qc7 23. a4 h6 24. h3 Nf5 25. Qd2 h5 26. Ne2 Qc2 27. Qxc2 Rxc2 28. Nec1 Nxe3 29. Re2 Rxe2 30. Nxe2 h4 31. b4 axb4 32. Nxb4 Ne8 33. Nd3 b6 34. Nb4 Nd6 35. Nc6 Ndc4 36. Nc3 Kf8 37. Nb5 Ke8 38. Ne5 Nxe5 39. dxe5 Nc4 40. f4 Nb2 41. a5 bxa5 42. Kf2 Kd7 43. Kf3 a4 44. Kg4 Kc6 45. Na3 Nc4 46. Nc2 Kc5 47. Kxh4 d4 0-1

[Event "GRE-chT 49th"]
[Site "Thessaloniki"]
[Date "2022.08.16"]
[Round "6.3"]
[White "Pitsakis, Ilias"]
[Black "Katsanis, Vasileios Dimitrios"]
[Result "0-1"]
[WhiteElo "1411"]
[BlackElo "1726"]
[PlyCount "108"]
[EventDate "2022.08.12"]
[EventType "team-swiss"]
[EventRounds "7"]
[EventCountry "GRE"]
[SourceTitle "CBM 209 Extra"]
[Source "ChessBase"]
[SourceDate "2022.09.30"]
[SourceVersion "1"]
[SourceVersionDate "2022.09.30"]
[SourceQuality "1"]
[WhiteTeam "Piraikos"]
[BlackTeam "Ames Neas Erythreas"]
[WhiteTeamCountry "GRE"]
[BlackTeamCountry "GRE"]

1. d4 d5 2. Bf4 Nf6 3. e3 Bg4 4. Nf3 e6 5. Bd3 c5 6. Nbd2 Nc6 7. c3 cxd4 8. exd4 Bd6 9. Bxd6 Qxd6 10. 0-0 0-0 11. h3 Bh5 12. Re1 Rab8 13. a4 Rfc8 14. Be2 Qc7 15. Ne5 Nxe5 16. Bxh5 Nd3 17. Re3 Nxb2 18. Qb1 Nxh5 19. Qxb2 Nf6 20. Rc1 Ne8 21. c4 dxc4 22. Rxc4 Qd7 23. Rec3 Nd6 24. Rxc8+ Rxc8 25. Rxc8+ Qxc8 26. Qb4 Qc1+ 27. Kh2 Qc7 28. Kg1 a5 29. Qc5 Qd8 30. d5 b6 31. Qc6 exd5 32. Qxd5 Qc7 33. Ne4 Qc1+ 34. Kh2 Qf4+ 35. g3 Qxe4 36. Qxd6 h6 37. Qd8+ Kh7 38. Qd7 Qc4 39. h4 h5 40. Kg2 g6 41. Kh2 Kg7 42. Kg2 Qe4+ 43. Kh2 Qe6 44. Qb5 Kf8 45. Qa6 Qc6 46. Qa7 Qxa4 47. Qxb6 Qa1 48. Qc5+ Kg7 49. g4 Qf6 50. g5 Qf4+ 51. Kg2 a4 52. Qc3+ Kh7 53. f3 Qxh4 54. Qf6 Qc4 0-1

[Event "GRE-chT 49th"]
[Site "Thessaloniki"]
[Date "2022.08.13"]
[Round "3.2"]
[White "Katsanis, Vasileios Dimitrios"]
[Black "Oikonomopoulos, Filippos"]
[Result "1-0"]
[WhiteElo "1726"]
[BlackElo "1899"]
[PlyCount "63"]
[EventDate "2022.08.12"]
[EventType "team-swiss"]
[EventRounds "7"]
[EventCountry "GRE"]
[SourceTitle "CBM 209 Extra"]
[Source "ChessBase"]
[SourceDate "2022.09.30"]
[SourceVersion "1"]
[SourceVersionDate "2022.09.30"]
[SourceQuality "1"]
[WhiteTeam "Ames Neas Erythreas"]
[BlackTeam "Eaao Fysiolatris Nikias"]
[WhiteTeamCountry "GRE"]
[BlackTeamCountry "GRE"]

1. d4 Nf6 2. c4 e6 3. Nc3 Bb4 4. Bd2 0-0 5. Nf3 c5 6. a3 Bxc3 7. Bxc3 Ne4 8. Qc2 Nxc3 9. Qxc3 cxd4 10. Nxd4 b6 11. e3 Bb7 12. Be2 d5 13. cxd5 Bxd5 14. 0-0 Nd7 15. Rfd1 Qf6 16. Rac1 Ne5 17. Nb5 Rad8 18. f4 Nd7 19. Qxf6 Nxf6 20. Nxa7 Rd7 21. Nc8 Rb7 22. Ba6 Rb8 23. Ne7+ Kh8 24. Nxd5 Nxd5 25. Kf2 b5 26. Rc5 b4 27. a4 Ra8 28. Bb7 Rxa4 29. Bxd5 exd5 30. Rcxd5 Ra2 31. R1d2 g6 32. Rb5 1-0

[Event "GRE-chT 49th"]
[Site "Thessaloniki"]
[Date "2022.08.13"]
[Round "2.5"]
[White "Rousos, Georgios Iasonas"]
[Black "Katsanis, Vasileios Dimitrios"]
[Result "0-1"]
[WhiteElo "1203"]
[BlackElo "1726"]
[PlyCount "26"]
[EventDate "2022.08.12"]
[EventType "team-swiss"]
[EventRounds "7"]
[EventCountry "GRE"]
[SourceTitle "CBM 209 Extra"]
[Source "ChessBase"]
[SourceDate "2022.09.30"]
[SourceVersion "1"]
[SourceVersionDate "2022.09.30"]
[SourceQuality "1"]
[WhiteTeam "Asos Rodou Hippotis"]
[BlackTeam "Ames Neas Erythreas"]
[WhiteTeamCountry "GRE"]
[BlackTeamCountry "GRE"]

1. e4 c6 2. d4 d5 3. e5 Bf5 4. h4 Qc8 5. Be2 h6 6. g4 Be4 7. f3 Bh7 8. Nd2 e6 9. h5 Nd7 10. f4 c5 11. c3 cxd4 12. cxd4 Bc2 13. Qxc2 Qxc2 0-1

[Event "GRE-chT 49th"]
[Site "Thessaloniki"]
[Date "2022.08.12"]
[Round "1.5"]
[White "Katsanis, Vasileios Dimitrios"]
[Black "Armaos, Michail"]
[Result "1-0"]
[WhiteElo "1726"]
[BlackElo "1250"]
[PlyCount "85"]
[EventDate "2022.08.12"]
[EventType "team-swiss"]
[EventRounds "7"]
[EventCountry "GRE"]
[SourceTitle "CBM 209 Extra"]
[Source "ChessBase"]
[SourceDate "2022.09.30"]
[SourceVersion "1"]
[SourceVersionDate "2022.09.30"]
[SourceQuality "1"]
[WhiteTeam "Ames Neas Erythreas"]
[BlackTeam "Kallithea"]
[WhiteTeamCountry "GRE"]
[BlackTeamCountry "GRE"]

1. d4 d5 2. c4 dxc4 3. e3 Nf6 4. Bxc4 e6 5. Nc3 c5 6. Nf3 a6 7. a4 b6 8. 0-0 Bb7 9. Qe2 Be7 10. dxc5 Bxc5 11. e4 0-0 12. Bg5 Be7 13. Rfd1 Nfd7 14. Bf4 Nc6 15. Rd2 Qc8 16. Rad1 Rd8 17. e5 Qc7 18. Ne4 Ncxe5 19. Nxe5 Nxe5 20. Rxd8+ Rxd8 21. Rxd8+ Bxd8 22. Bxa6 Bxa6 23. Qxa6 Nf3+ 24. gxf3 Qxf4 25. Kg2 f5 26. Qc8 fxe4 27. Qxd8+ Kf7 28. Qd7+ Kf6 29. Qd4+ e5 30. Qxb6+ Kg5 31. Qe3 exf3+ 32. Kf1 Qxe3 33. fxe3 e4 34. a5 Kh4 35. a6 g5 36. a7 Kh3 37. a8Q Kxh2 38. Qxe4 Kg3 39. b4 h5 40. b5 g4 41. b6 h4 42. b7 Kh3 43. b8Q 1-0

[Event "GRE-ch U12"]
[Site "Patras"]
[Date "2021.09.04"]
[Round "8"]
[White "Katsanis, Vasileios Dimitrios"]
[Black "Mylonakis, Ioannis Georg"]
[Result "1/2-1/2"]
[WhiteElo "1465"]
[BlackElo "1577"]
[PlyCount "95"]
[EventDate "2021.08.30"]
[EventType "swiss"]
[EventRounds "9"]
[EventCountry "GRE"]
[SourceTitle "EXT 2022"]
[Source "ChessBase"]
[SourceDate "2021.10.06"]
[SourceVersion "1"]
[SourceVersionDate "2021.10.06"]
[SourceQuality "1"]

1. d4 Nf6 2. c4 g6 3. Nc3 Bg7 4. e4 d6 5. Nf3 0-0 6. Be2 e5 7. d5 a5 8. 0-0 Na6 9. Be3 Ng4 10. Bg5 Bf6 11. Bxf6 Nxf6 12. Nd2 Nc5 13. b3 Ne8 14. a3 f5 15. b4 Nxe4 16. Ndxe4 fxe4 17. Nxe4 Qh4 18. Ng3 Ng7 19. Qb3 Nf5 20. Nxf5 Bxf5 21. c5 axb4 22. Qxb4 Qxb4 23. axb4 Kf7 24. f3 g5 25. Rfc1 Ke7 26. Kf2 e4 27. Ke3 exf3 28. Bxf3 Bd7 29. Re1 Rxa1 30. Rxa1 Rf4 31. Be4 Bf5 32. Bxf5 Rxf5 33. Kd4 Rf4+ 34. Kc3 dxc5 35. bxc5 b6 36. d6+ Kd7 37. dxc7 Kxc7 38. Ra7+ Kc6 39. cxb6 Rh4 40. Rg7 Kxb6 41. Rxg5 Rxh2 42. Kd4 Kc6 43. Ke4 Kd6 44. Kf4 Ke6 45. Kg3 Kf6 46. Kxh2 Kxg5 47. Kg3 h5 48. Kf3 1/2-1/2

[Event "GRE-ch U12"]
[Site "Patras"]
[Date "2021.08.31"]
[Round "3"]
[White "Katsanis, Vasileios Dimitrios"]
[Black "Skodras, Marios Konstantinos"]
[Result "1-0"]
[WhiteElo "1465"]
[BlackElo "1309"]
[PlyCount "161"]
[EventDate "2021.08.30"]
[EventType "swiss"]
[EventRounds "9"]
[EventCountry "GRE"]
[SourceTitle "EXT 2022"]
[Source "ChessBase"]
[SourceDate "2021.10.06"]
[SourceVersion "1"]
[SourceVersionDate "2021.10.06"]
[SourceQuality "1"]

1. d4 d5 2. c4 e6 3. cxd5 exd5 4. Nc3 c6 5. Qc2 Bb4 6. Nf3 Ne7 7. Bg5 f6 8. Bf4 Bf5 9. Qd2 Nd7 10. e3 Nb6 11. a3 Bxc3 12. Qxc3 0-0 13. Be2 Ng6 14. Bg3 Re8 15. 0-0 Bd7 16. Nh4 Nxh4 17. Bxh4 Qe7 18. Bd3 Nc8 19. Qc2 g6 20. Qe2 Nd6 21. Qf3 Bf5 22. Bxf5 Nxf5 23. Bg3 Qe4 24. Qxe4 Rxe4 25. Bc7 Rae8 26. h3 h5 27. b4 g5 28. a4 a6 29. b5 cxb5 30. axb5 axb5 31. Rab1 Rc8 32. Bh2 g4 33. hxg4 Rxg4 34. Rxb5 Rc2 35. Bf4 Nxd4 36. exd4 Rxf4 37. Rxd5 Kg7 38. g3 Re4 39. Rd7+ Kg6 40. Rxb7 Rxd4 41. Rb3 Rdd2 42. Rf3 Rd5 43. Re1 Rc6 44. Rf4 Rb6 45. Kg2 Rd2 46. Kh3 Kg5 47. Kg2 f5 48. Re5 Rf6 49. Rc5 Rd1 50. Re5 Rd8 51. Re7 Rg8 52. Rh4 Kg6 53. Rd4 Kg5 54. Red7 Rh6 55. Kh3 Rf6 56. f4+ Kg6 57. R4d6 Rgf8 58. Kh4 Kh6 59. Rd8 Kg6 60. Rxf6+ Rxf6 61. Rg8+ Kf7 62. Rg5 Ke6 63. Rxh5 Kd5 64. Kg5 Rf8 65. Rh6 Ke4 66. Re6+ Kf3 67. Rf6 Rg8+ 68. Kxf5 Kxg3 69. Ke6 Kg4 70. Kf7 Ra8 71. Kg7 Ra5 72. Kg6 Ra7 73. f5 Kf4 74. Re6 Ra5 75. f6 Rg5+ 76. Kf7 Ra5 77. Rb6 Kf5 78. Kg7 Ra3 79. f7 Rg3+ 80. Kh7 Rh3+ 81. Rh6 1-0

[Event "GRE-ch South U10"]
[Site "Athens"]
[Date "2020.09.02"]
[Round "8"]
[White "Katsanis, Vasileios Dimitrios"]
[Black "Lafkidis, Apostolos"]
[Result "1/2-1/2"]
[WhiteElo "1345"]
[BlackElo "1467"]
[PlyCount "36"]
[EventDate "2020.08.28"]
[EventType "swiss"]
[EventRounds "9"]
[EventCountry "GRE"]
[SourceTitle "EXT 2023"]
[Source "ChessBase"]
[SourceDate "2022.10.05"]
[SourceVersion "1"]
[SourceVersionDate "2022.10.05"]
[SourceQuality "1"]

1. d4 d5 2. c4 e5 3. dxe5 d4 4. Nf3 Nc6 5. g3 Nge7 6. Bg2 Ng6 7. Bg5 Qd7 8. 0-0 h6 9. Bc1 Ngxe5 10. Nxe5 Nxe5 11. b3 Bc5 12. Bb2 0-0 13. e3 Rd8 14. Bd5 Qh3 15. Bg2 Qd7 16. Bd5 Qh3 17. Bg2 Qd7 18. Bd5 Qh3 1/2-1/2

[Event "GRE-ch South U10"]
[Site "Athens"]
[Date "2020.09.01"]
[Round "7"]
[White "Katsanis, Vasileios Dimitrios"]
[Black "Sarafis, Rafail"]
[Result "1-0"]
[WhiteElo "1345"]
[BlackElo "1422"]
[PlyCount "151"]
[EventDate "2020.08.28"]
[EventType "swiss"]
[EventRounds "9"]
[EventCountry "GRE"]
[SourceTitle "EXT 2023"]
[Source "ChessBase"]
[SourceDate "2022.10.05"]
[SourceVersion "1"]
[SourceVersionDate "2022.10.05"]
[SourceQuality "1"]

1. d4 Nf6 2. c4 e6 3. Nc3 Bb4 4. Bd2 d5 5. cxd5 exd5 6. Bg5 0-0 7. e3 h6 8. Bh4 b6 9. a3 Be7 10. Bd3 Bb7 11. Rc1 c5 12. Nf3 Nbd7 13. 0-0 Re8 14. dxc5 bxc5 15. Bb5 Rf8 16. Na4 Rc8 17. Qe2 Ne4 18. Bxe7 Qxe7 19. Nc3 f5 20. Rfd1 Ndf6 21. Ba6 Rfd8 22. Bxb7 Qxb7 23. Nh4 Qd7 24. Qf3 d4 25. exd4 cxd4 26. Nxf5 Ng5 27. Qf4 d3 28. Nxh6+ gxh6 29. Qxf6 Qg7 30. Qxg7+ Kxg7 31. f4 Ne6 32. g3 d2 33. Rb1 Nd4 34. Kf2 Nb3 35. Ke3 Kg6 36. Rf1 Nc5 37. b4 Rd3+ 38. Ke2 Re8+ 39. Kd1 Rxc3 40. bxc5 Rxa3 41. Kxd2 Ra2+ 42. Kd3 Rxh2 43. c6 Rd8+ 44. Ke3 Rc2 45. Rfc1 Rxc1 46. Rxc1 Kf5 47. c7 Rc8 48. Kd4 Ke6 49. Rc6+ Kd7 50. Rxh6 Kxc7 51. g4 Rd8+ 52. Ke5 a5 53. Ra6 Rg8 54. g5 Re8+ 55. Kf5 a4 56. Rxa4 Kd6 57. Ra6+ Kd5 58. g6 Rf8+ 59. Rf6 Rg8 60. Kg5 Rh8 61. g7 Rg8 62. Kg6 Rxg7+ 63. Kxg7 Ke4 64. Kg6 Kd5 65. Ra6 Kc5 66. f5 Kb5 67. Ra8 Kb6 68. f6 Kc6 69. f7 Kd5 70. f8Q Ke4 71. Re8+ Kd5 72. Qf7+ Kc6 73. Qc4+ Kb7 74. Re1 Kb6 75. Rb1+ Ka7 76. Qa4# 1-0